[Event "94th Tradewise Hastings Congress"]
[Site "Hastings"]
[Date "2019.01.03"]
[Round "7"]
[White "Royal, Shreyas"]
[Black "White, Stuart A"]
[Result "1/2-1/2"]
[WhiteElo "1930"]
[BlackElo "2096"]
[Annotator "NA"]
[PlyCount "85"]
[EventDate "2018.12.28"]
[EventType "swiss"]
[EventCountry "ENG"]
[SourceTitle "playchess.com"]
[Source "ChessBase"]
[SourceQuality "1"]
[TimeControl "40/6000+30:3000+30"]

1. d4 {[%emt 0:00:00]} Nf6 {[%emt 0:00:00]} 2. c4 {[%emt 0:00:39]} e6 {[%emt 0:00:00]} 3. g3 {[%emt 0:00:54]} Bb4+ {[%emt 0:00:00]} 4. Bd2 {[%emt 0:00:58]} a5 {[%emt 0:00:08]} 5. Bg2 {[%emt 0:01:13]} d6 {[%emt 0:00:19]} 6. Nc3 {[%emt 0:02:01]} e5 {[%emt 0:06:15]} 7. d5 {[%emt 0:00:20]} Nbd7 {[%emt 0:01:35]} 8. e4 {[%emt 0:01:12]} Nc5 {[%emt 0:03:28]} 9. Qc2 {[%emt 0:01:02]} h5 {[%emt 0:01:34]} 10. h4 {[%emt 0:01:35]} Ng4 {[%emt 0:01:06]} 11. Nge2 {[%emt 0:02:33]} Bd7 {[%emt 0:05:08]} 12. Rd1 {[%emt 0:12:27]} f6 {[%emt 0:24:28]} 13. f3 {[%emt 0:04:04]} Nh6 {[%emt 0:00:39]} 14. Kf2 {[%emt 0:03:01]} Nf7 {[%emt 0:11:54]} 15. Rdf1 {[%emt 0:02:46]} g5 {[%emt 0:03:39]} 16. hxg5 {[%emt 0:02:30]} fxg5 {[%emt 0:00:14]} 17. Ke1 {[%emt 0:00:36]} Qe7 {[%emt 0:04:22]} 18. Kd1 {[%emt 0:07:41]} Bxc3 {[%emt 0:12:33]} 19. Nxc3 {[%emt 0:00:59]} h4 {[%emt 0:00:48]} 20. g4 {[%emt 0:01:51]} Qf6 {[%emt 0:03:08]} 21. Bh3 {[%emt 0:01:08]} Rg8 {[%emt 0:02:02]} 22. Rh2 {[%emt 0:03:04]} Nh8 {[%emt 0:05:31]} 23. Be3 {[%emt 0:02:13]} Ng6 {[%emt 0:02:05]} 24. Qd2 {[%emt 0:00:10]} Nf4 {[%emt 0:01:39]} 25. Bxf4 {[%emt 0:00:49]} Qxf4 {[%emt 0:00:41]} 26. Qxf4 {[%emt 0:00:08]} exf4 {[%emt 0:00:04]} 27. Kd2 {[%emt 0:00:42]} Kf7 {[%emt 0:00:55]} 28. Re2 {[%emt 0:02:13]} Kf6 {[%emt 0:00:55]} 29. Rfe1 {[%emt 0:00:55]} Rge8 {[%emt 0:00:26]} 30. Kc2 {[%emt 0:00:27]} Re7 {[%emt 0:00:42]} 31. b3 {[%emt 0:00:54]} Be8 {[%emt 0:01:37]} 32. a4 {[%emt 0:02:12]} Nd7 {[%emt 0:01:35]} 33. Na2 {[%emt 0:05:24]} Ne5 {[%emt 0:01:52]} 34. Rf1 {[%emt 0:00:08]} Ra6 {[%emt 0:05:35]} 35. Nc1 {[%emt 0:00:55]} Rb6 {[%emt 0:00:21]} 36. Kc3 {[%emt 0:02:06]} Bd7 {[%emt 0:01:30]} 37. Rd2 {[%emt 0:01:08]} Re8 {[%emt 0:02:32]} 38. Nd3 {[%emt 0:00:23]} Nxd3 {[%emt 0:01:34]} 39. Rxd3 {[%emt 0:00:30]} Ke5 {[%emt 0:01:12]} 40. Rd2 {[%emt 0:00:33]} Rb4 {[%emt 0:02:10]} 41. Rff2 {[%emt 0:10:46]} Rb8 {[%emt 0:10:00]} 42. Bf1 {[%emt 0:04:29]} Be8 {[%emt 0:00:45]} 43. Bd3 {[%emt 0:00:34]} 1/2-1/2

[Event "94th Tradewise Hastings Congress"]
[Site "Hastings"]
[Date "2019.01.03"]
[Round "7"]
[White "Faulks, Nick"]
[Black "Nettleton, Charlie B"]
[Result "0-1"]
[WhiteElo "1917"]
[BlackElo "2059"]
[Annotator "NA"]
[PlyCount "72"]
[EventDate "2018.12.28"]
[EventType "swiss"]
[EventCountry "ENG"]
[SourceTitle "playchess.com"]
[Source "ChessBase"]
[SourceQuality "1"]
[TimeControl "40/6000+30:3000+30"]

1. e4 {[%emt 0:00:00]} c5 {[%emt 0:00:00]} 2. Nf3 {[%emt 0:00:00]} g6 {[%emt 0:00:14]} 3. c4 {[%emt 0:00:13]} Bg7 {[%emt 0:00:08]} 4. d4 {[%emt 0:00:32]} cxd4 {[%emt 0:00:24]} 5. Nxd4 {[%emt 0:00:28]} Nc6 {[%emt 0:00:28]} 6. Nc2 {[%emt 0:00:15]} d6 {[%emt 0:04:59]} 7. Be2 {[%emt 0:04:09]} Qb6 {[%emt 0:06:01]} 8. Nc3 {[%emt 0:02:28]} Bxc3+ {[%emt 0:06:52]} 9. bxc3 {[%emt 0:00:37]} Nf6 {[%emt 0:00:35]} 10. f3 {[%emt 0:03:33]} Be6 {[%emt 0:04:13]} 11. Ne3 {[%emt 0:14:11]} Rc8 {[%emt 0:01:58]} 12. Nd5 {[%emt 0:03:19]} Bxd5 {[%emt 0:00:33]} 13. cxd5 {[%emt 0:00:22]} Ne5 {[%emt 0:01:01]} 14. Qd4 {[%emt 0:07:24]} Qa5 {[%emt 0:24:50]} 15. Qb4 {[%emt 0:05:17]} Qc7 {[%emt 0:03:41]} 16. Bb5+ {[%emt 0:07:16]} Nfd7 {[%emt 0:01:49]} 17. Bd2 {[%emt 0:05:26]} O-O {[%emt 0:04:20]} 18. Rb1 {[%emt 0:06:21]} a6 {[%emt 0:01:36]} 19. Be2 {[%emt 0:01:12]} b5 {[%emt 0:01:27]} 20. Kf2 {[%emt 0:06:01]} f5 {[%emt 0:04:55]} 21. Kg3 {[%emt 0:05:53]} fxe4 {[%emt 0:14:25]} 22. fxe4 {[%emt 0:01:40]} Nc4 {[%emt 0:01:33]} 23. Bh6 {[%emt 0:01:04]} Rf7 {[%emt 0:00:21]} 24. Bg4 {[%emt 0:05:53]} Nc5 {[%emt 0:03:17]} 25. Rbe1 {[%emt 0:02:51]} Ne5 {[%emt 0:02:00]} 26. Rhf1 {[%emt 0:05:54]} Nxg4 {[%emt 0:05:29]} 27. Kxg4 {[%emt 0:01:39]} Nd3 {[%emt 0:01:14]} 28. Rxf7 {[%emt 0:02:43]} Ne5+ {[%emt 0:00:56]} 29. Kh4 {[%emt 0:00:37]} Nxf7 {[%emt 0:00:16]} 30. Bd2 {[%emt 0:00:51]} Qc4 {[%emt 0:02:45]} 31. Qb1 {[%emt 0:03:05]} Rf8 {[%emt 0:01:13]} 32. Rf1 {[%emt 0:03:00]} Ne5 {[%emt 0:01:09]} 33. Rxf8+ {[%emt 0:00:58]} Kxf8 {[%emt 0:00:02]} 34. Qe1 {[%emt 0:07:41]} Qxa2 {[%emt 0:02:08]} 35. Qf1+ {[%emt 0:02:13]} Ke8 {[%emt 0:00:54]} 36. Bf4 {[%emt 0:01:12]} Qc4 {[%emt 0:00:53]} 0-1

[Event "94th Tradewise Hastings Congress"]
[Site "Hastings"]
[Date "2019.01.03"]
[Round "7"]
[White "Ruane, Brendan J"]
[Black "Taylor, Adam A"]
[Result "0-1"]
[WhiteElo "1870"]
[BlackElo "2122"]
[Annotator "NA"]
[PlyCount "66"]
[EventDate "2018.12.28"]
[EventType "swiss"]
[EventCountry "ENG"]
[SourceTitle "playchess.com"]
[Source "ChessBase"]
[SourceQuality "1"]
[TimeControl "40/6000+30:3000+30"]

1. e4 {[%emt 0:00:00]} c5 {[%emt 0:04:20]} 2. Nf3 {[%emt 0:00:00]} Nc6 {[%emt 0:00:04]} 3. d3 {[%emt 0:00:00]} e6 {[%emt 0:02:01]} 4. g3 {[%emt 0:00:08]} d5 {[%emt 0:00:56]} 5. Nbd2 {[%emt 0:00:08]} Bd6 {[%emt 0:01:36]} 6. Bg2 {[%emt 0:00:14]} Nge7 {[%emt 0:00:13]} 7. O-O {[%emt 0:00:31]} Qc7 {[%emt 0:04:13]} 8. Re1 {[%emt 0:01:16]} Bd7 {[%emt 0:02:20]} 9. c3 {[%emt 0:00:49]} O-O {[%emt 0:43:15]} 10. a3 {[%emt 0:00:02]} Ng6 {[%emt 0:05:34]} 11. b4 {[%emt 0:05:52]} cxb4 {[%emt 0:03:51]} 12. axb4 {[%emt 0:00:02]} Nce5 {[%emt 0:03:12]} 13. Nxe5 {[%emt 0:00:28]} Nxe5 {[%emt 0:05:29]} 14. Nb1 {[%emt 0:12:53]} dxe4 {[%emt 0:08:00]} 15. dxe4 {[%emt 0:00:03]} Rfd8 {[%emt 0:01:25]} 16. f4 {[%emt 0:21:51]} Nc4 {[%emt 0:03:14]} 17. Na3 {[%emt 0:00:07]} Nxa3 {[%emt 0:00:41]} 18. Rxa3 {[%emt 0:00:04]} Bb5 {[%emt 0:00:16]} 19. Qf3 {[%emt 0:01:00]} Be7 {[%emt 0:00:43]} 20. Bf1 {[%emt 0:00:40]} Bc6 {[%emt 0:02:28]} 21. Qe2 {[%emt 0:02:14]} a5 {[%emt 0:01:41]} 22. Rxa5 {[%emt 0:00:14]} Rxa5 {[%emt 0:00:07]} 23. bxa5 {[%emt 0:00:02]} Qxa5 {[%emt 0:00:15]} 24. c4 {[%emt 0:05:11]} Bc5+ {[%emt 0:01:19]} 25. Kh1 {[%emt 0:00:23]} f5 {[%emt 0:04:52]} 26. Bg2 {[%emt 0:00:04]} fxe4 {[%emt 0:00:25]} 27. Rd1 {[%emt 0:01:10]} Rxd1+ {[%emt 0:01:22]} 28. Qxd1 {[%emt 0:00:02]} Qc3 {[%emt 0:00:37]} 29. Qf1 {[%emt 0:09:09]} Qc2 {[%emt 0:04:28]} 30. f5 {[%emt 0:01:26]} e3 {[%emt 0:04:23]} 31. Bxc6 {[%emt 0:00:45]} e2 {[%emt 0:00:18]} 32. Qe1 {[%emt 0:00:35]} Qd1 {[%emt 0:00:59]} 33. Bd2 {[%emt 0:00:13]} Bf2 {[%emt 0:00:20]} 0-1